Countries: After C Quiz Stats

 Plays Quiz Updated Aug 3, 2016

Also try: Countries: After B
Challenge
Share
Tweet
Embed
Score 0/11 Timer 03:00
2 Plays Today
Letter after 'C' Country % Correct
ACabo Verde, ...
98.8%
HChad, ...
97.4%
OColombia, ...
93.7%
ZCzechia
88.4%
RCroatia, ...
84.5%
ECentral African Republic, ...
82.4%
YCyprus
74.3%
UCuba, ...
72.1%
CMorocco
63.6%
-Central African Republic, ...
49.3%
ISão Tomé and Príncipe, ...
37%

You're not logged in!

Compare scores with friends on all Sporcle quizzes.
OR
Log In

You Might Also Like...

Show Comments

Extras

Top Quizzes Today


Score Distribution

Your Account Isn't Verified!

In order to create a playlist on Sporcle, you need to verify the email address you used during registration. Go to your Sporcle Settings to finish the process.

Report this User

Report this user for behavior that violates our Community Guidelines.

Details: